00605nam a2200193 a 4500008004100000020001800041050001400059100002100073245010800094250001300202260005200215300002200267350001000289650002700299650002300326650002500349700001700374700002000391150204s2013 ||||||||||||||||| || u a9780702047299 aRC 76 Mac aRobertson, Colin10aMacleod's clinical examination. (13th ed.)cEdited by Graham Douglas, Fiona Nicol [and] Colin Robertson a13th ed. aEdinburghbChurchill Livingstone/Elsevierc2013 axvii, 451p.: ill. a68.95 aMEDICAL HISTORY TAKING 0aPHYSICAL DIAGNOSIS aPHYSICAL EXAMINATION aNicol, Fiona aDouglas, Graham